| 000 | 00351nam a2200145Ia 4500 | ||
|---|---|---|---|
| 008 | 230917s9999||||xx |||||||||||||| ||und|| | ||
| 040 |
_e74308 _aMAIN |
||
| 041 | _aEnglish | ||
| 082 | _a332.743 S29C | ||
| 100 | _aSeder, John W | ||
| 245 | 0 | _aCredit and collections | |
| 260 |
_aNew York _bDavid Mckay _c1977 |
||
| 300 | _avii, 121 p. | ||
| 942 | _cBK | ||
| 999 |
_c204291 _d204291 |
||